| 000 | 00000nam##2200000za#4500 |
| 001 | 9.571480 |
| 003 | CaOODSP |
| 005 | 20210624182738 |
| 007 | cr ||||||||||| |
| 008 | 150406|2005||||xxc|||||o f|0| 0 eng|d |
| 040 | |aCaOODSP|beng |
| 043 | |an-cn--- |
| 086 | 1 |aTU3-5/05-22E-PDF |
| 110 | 2 |aTransportation Safety Board of Canada. |
| 245 | 10|aLoss of oil pressure on two engines-- Cascade Aerospace Inc., Bombardier DHC-8-402 C-FBAM, Tofino, British Columbia, 5 nm W, 07 June 2005 |h[electronic resource] |
| 260 | |aGatineau - Quebec : |bTransportation Safety Board of Canada |c[2006]. |
| 300 | |a9p. |
| 490 | 1 |aAviation investigation report |vA05P0132 |
| 500 | |a"The Board authorized the release of this report on 02 August 2006."--Page 9 of 9. |
| 590 | |a12-20-Supp|b2012-05-09 |
| 775 | 08|tPerte de pression d'huile des deux moteurs-- du Bombardier DHC-8-402 C-FBAM exploité par Cascade Aerospace Inc. à 5 nm à l'ouest de Tofino (Colombie-Britannique), le 7 juin 2005 |w(CaOODSP)9.602073 |
| 830 | #0|aAviation investigation report ;|vA05P0132|w(CaOODSP)9.504825 |
| 856 | 40|ahttp://publications.gc.ca|qPDF|s128 KB|uhttps://publications.gc.ca/collections/collection_2011/bst-tsb/TU3-5-05-22-eng.pdf|yA05P0132 |